Európsky menový systém a menová únia EÚ

Cesta Európskeho hospodárskeho spoločenstva k spoločnej mene, ktorou je euro a k menovej únii. Vývoj a tendencie, ktoré viedli k vytvoreniu Európskej menovej únie, členské štáty, použité mechanizmy, ako aj ľudia, ktorí sa určitým spôsobom podielali na jej vzniku a motívy jednotlivých členských štáto...

Descrizione completa

Salvato in:
Dettagli Bibliografici
Autore principale: Majtánová, Katarína
Natura: Capitolo di libro
Lingua:slovacco
Soggetti:
Tags: Aggiungi Tag
Nessun Tag, puoi essere il primo ad aggiungerne!!

MARC

LEADER 00000nla$a2200000$$$4500
001 0067481
005 20240502071818.7
041 0 |a slo 
044 |a SK 
245 1 0 |a Európsky menový systém a menová únia EÚ  |c Katarína Majtánová 
520 |a Cesta Európskeho hospodárskeho spoločenstva k spoločnej mene, ktorou je euro a k menovej únii. Vývoj a tendencie, ktoré viedli k vytvoreniu Európskej menovej únie, členské štáty, použité mechanizmy, ako aj ľudia, ktorí sa určitým spôsobom podielali na jej vzniku a motívy jednotlivých členských štátov EHS. 
610 2 0 |a systém menový medzinárodný 
610 2 0 |a Európska menová únia 
610 2 0 |a euro 
610 2 0 |a kurz menový 
610 2 0 |a história 
100 1 |a Majtánová, Katarína